Central Library OPAC University of Rajshahi

Indian economic life : (Record no. 45542)

MARC details
000 -LEADER
fixed length control field 00635nam a2200217 a 4500
001 - CONTROL NUMBER
control field 45542
003 - CONTROL NUMBER IDENTIFIER
rucl marc code BD-RjUL
005 - DATE AND TIME OF LATEST TRANSACTION
control field 20211209054030.0
008 - FIXED-LENGTH DATA ELEMENTS--GENERAL INFORMATION
fixed length control field 160727s1929 pk 000 0 eng
035 ## - SYSTEM CONTROL NUMBER
System control number (BD-RjUL)45660
040 ## - CATALOGING SOURCE
Original cataloging agency DLC
Transcribing agency OC
Modifying agency DLC
-- BD-RjUL
Language of cataloging eng
041 ## - LANGUAGE CODE
Language code of text/sound track or separate title eng
082 ## - DEWEY DECIMAL CLASSIFICATION NUMBER
Classification number 330.954
Edition number 23
Author mark and year NAI 1929
100 0# - MAIN ENTRY--PERSONAL NAME
Personal name Narain, Brij
9 (RLIN) 139404
245 10 - TITLE STATEMENT
Title Indian economic life :
Remainder of title past and present /
Statement of responsibility, etc. by Brij Narain.
260 ## - PUBLICATION, DISTRIBUTION, ETC. (IMPRINT)
Place of publication, distribution, etc. Lahore :
Name of publisher, distributor, etc. Uttar Chand Kapur & sons,
Date of publication, distribution, etc. 1929.
300 ## - PHYSICAL DESCRIPTION
Pagination xxiii, 578 p. :
Illustrations ill. ;
Size 24 cm.
500 ## - GENERAL NOTE
General note Includes Index
651 #0 - SUBJECT ADDED ENTRY--GEOGRAPHIC NAME
Geographic name India
General subdivision Economic conditions.
9 (RLIN) 139405
942 ## - ADDED ENTRY ELEMENTS (KOHA)
Source of classification or shelving scheme Dewey Decimal Classification
Koha item type Books
Holdings
Lost status Source of classification or shelving scheme Damaged status Not for loan Collection code Permanent Location Current Location Shelving location Date acquired Source of acquisition Cost, normal purchase price Total Checkouts Full call number Date last seen Copy number Koha item type
  Dewey Decimal Classification     Non-fiction Central Library, University of Rajshahi Central Library, University of Rajshahi   29/11/1974 Jonathan ware and com. 5.50   330.954 NAI 1929 27/07/2016 C-2 Books